KOHA-Header-6

The Roaring 2000s (Record no. 9138)

000 -LEADER
fixed length control field 00261nam a2200109Ia 4500
100 ## - MAIN ENTRY--AUTHOR NAME
Personal name Harry S. Dent
245 #4 - TITLE STATEMENT
Title The Roaring 2000s
260 ## - PUBLICATION, DISTRIBUTION, ETC. (IMPRINT)
Place of publication New York
Name of publisher Addison-Wesley Inc.
Year of publication 1996
300 ## - PHYSICAL DESCRIPTION
Number of Pages 152
942 ## - ADDED ENTRY ELEMENTS (KOHA)
Koha item type Books
Holdings
Withdrawn status Lost status Collection code Permanent Location Current Location Shelving location Date acquired Full call number Accession Number Koha item type
    English Literature MAJU MAJU Shelf No.A14 2019-09-14 658.848 4508 English Literature

Powered by Koha